[Event "GER-chT U10"]
[Site "Magdeburg"]
[Date "2014.12.28"]
[Round "5.3"]
[White "Reinecke, Alexander"]
[Black "Burger, Radena"]
[Result "1-0"]
[WhiteElo "951"]
[BlackElo "775"]
[PlyCount "69"]
[EventDate "2014.12.27"]
[EventType "team-swiss"]
[EventRounds "7"]
[EventCountry "GER"]
[SourceTitle "EXT 2016"]
[Source "ChessBase"]
[SourceDate "2015.10.08"]
[SourceVersion "1"]
[SourceVersionDate "2015.10.08"]
[SourceQuality "1"]
[WhiteTeam "Langen"]
[BlackTeam "Neumarkt"]
[WhiteTeamCountry "GER"]
[BlackTeamCountry "GER"]

1. e4 e5 2. Nf3 Nc6 3. Bc4 Nf6 4. Ng5 Qe7 5. 0-0 Ng4 6. Qxg4 a6 7. Nxf7 Rg8 8. Qh5 g6 9. Qxh7 Rg7 10. Qh6 Rg8 11. Qe3 d5 12. Bxd5 Nb4 13. Nd6+ cxd6 14. Bxg8 Nxc2 15. Qb3 Nd4 16. Qd3 b6 17. Nc3 Bh6 18. Nd5 Qd8 19. Ne3 Bf4 20. Bd5 Qh4 21. g3 Nf3+ 22. Kg2 Nxh2 23. gxh4 Bd7 24. Bxa8 g5 25. Qxd6 gxh4 26. Qg6+ Kd8 27. Qg8+ Be8 28. Rh1 b5 29. Rxh2 Bxh2 30. Kxh2 h3 31. Bc6 Ke7 32. Qxe8+ Kf6 33. Ng4+ Kg5 34. Kg3 h2 35. d3# 1-0